000 00899nam0a22002531 4500
001 rc\217705
005 20250620235507.0
010 _a5-8338-0315-2
_9300
035 _a(NLR Aleph) 005466610
090 _a5006409
_c5006409
100 _a20030307d1991 |||y0rusy50 ca
101 0 _arus
102 _aRU
105 _ay |||||||||
200 1 _aРесурсы поверхностных вод и естественное увлажнение территории Туркменистана
_fПод ред. Н.Т. Кузнецова
_gАН ТССР. Ин-т пустынь
210 _aАшхабад
_cЫлым
_d1991
215 _a178, [1] с.
_d20
320 _aБиблиогр.: с. 145-150 (77 назв.)
700 1 _aКирста
_bБ.Т.
_gБогдан Тарасович
801 0 _aRU
_bNLR
_gpsbo
801 1 _aRU
_bELAR
_2rusmarc
852 _aNLR
_j91-3/10309
942 _cBOOK
980 _aNB